| 000 | 01037nam a2200361 a 4500 | ||
|---|---|---|---|
| 003 | AR-BaBNM | ||
| 005 | 20251128203430.0 | ||
| 008 | 082120s2002 ||||||||||||||000 | spa|| | ||
| 040 | _cAR-BaBNM | ||
| 100 | 1 | _aFohlen, Claude | |
| 245 | 0 | 0 |
_aHistoria general del trabajo _bla era de las revoluciones [1760-1914]. 3 |
| 250 | _a1ª ed. | ||
| 260 |
_aBarcelona _bGrijalbo _c1965 |
||
| 300 |
_a486 p. _bláms., il. |
||
| 490 | 0 | _aHistoria general del trabajo | |
| 504 | _aBibliografía para consultar p. 479-482. | ||
| 650 | 4 | _aHISTORIA MODERNA | |
| 650 | 4 | _aHISTORIA EUROPEA | |
| 650 | 4 | _aHISTORIA ECONOMICA | |
| 650 | 4 | _aCONDICIONES DE TRABAJO | |
| 650 | 4 | _aECONOMIA DEL TRABAJO | |
| 650 | 4 | _aTRABAJADORES | |
| 650 | 4 | _aCLASE BAJA | |
| 650 | 4 | _aTRABAJADORES AGRICOLAS | |
| 650 | 4 | _aTRABAJADORES MANUALES | |
| 650 | 4 | _aREVOLUCION | |
| 650 | 4 | _aINDUSTRIALIZACION | |
| 650 | 4 | _aHISTORIA DEL TRABAJO | |
| 700 | 1 | _aBédarida, Francois | |
| 800 | 1 |
_aParias, Louis-Henri _edirector |
|
| 942 | _cBK | ||
| 998 | _cmariana | ||
| 999 |
_c3362 _d3362 |
||